000 00766nam a22001817a 4500
003 UA-OsUOA
001 10976
007 ta
008 20050126b un ||||| |||| 00| 0 ukr d
100 _aСилкіна В.
942 _cSA
040 _aUA-OsUOA
_cUA-OsUOA
_dUA-OsUOA
245 _a"Янголи втомилися і постаріли від людських гріхів..." : Урок-роздум за оповіданням Габріеля Гарсіа Маркеса "Стриган із крилами"
300 _aС.32-33
955 _a0
773 0 _w0
_tВсесвітня література та культура в навчальних закладах України
_dКиїв
_d2005
_g№1
650 7 _aГарсіа М. Г.
_2UDC
999 _c297137
_d297137